header

Where is Niagara Falls ? (Record no. 260779)

MARC details
000 -LEADER
fixed length control field 00255nam a22001097a 4500
020 ## - INTERNATIONAL STANDARD BOOK NUMBER
ISBN 9780448484259
100 ## - MAIN ENTRY--AUTHOR NAME
Personal name Megan Stine
245 ## - TITLE STATEMENT
Title Where is Niagara Falls ?
260 ## - PUBLICATION, DISTRIBUTION, ETC. (IMPRINT)
Place of publication New York
Name of publisher Grosset & Dunlap House
Year of publication 2015
300 ## - PHYSICAL DESCRIPTION
Number of Pages 108 pgs.
942 ## - ADDED ENTRY ELEMENTS (KOHA)
Koha item type Long Loan Books
Holdings
Withdrawn status Lost status Collection code Home library Current library Shelving location Date acquired Accession Number Koha item type
    Fiction Rongo University Library Rongo University Library Children's Area 05/10/2023 CL20222458 Long Loan Books

© 2026 Rongo University
Contact us: librarian | system librarian | Rongo university